00897nam a22002297a 450000500170000001000140001702000260003103500130005703700130007008200110008310000310009424501200012526000480024527000700029330000310036365000380039465000360043270000210046894200250048999900170051495201360053120100810141721.0 aENG-99404 c295.00a9788184882841 aEN-82936 bDBAD/PUB a615.31 aChatwal, Gurdeep R.912092 aSynthetic drugs :cby Gurdeep R. Chatwal; edited by M. Arorabfor B.Sc. and M.Sc. students of Indian universities / aNew Delhi bHimalaya Publishing Housec2009 a4-B, Murari LalStreet, Ansari Road, Darya GanjbNew Delhie110002 avarious pagingc24cm (pbk) aOrganic Compound Synthesis912093 aPharmacentical Chemistry912094 aArora, M.910168 2ddccENh615.31mCHA c40680d40680 001040718NFICaDBADbDBADd2010-08-10eDBAD/PUBg295.00l0o615.31 CHApEN-82936r2010-08-10 00:00:00t1v295.00w2010-08-10yEN